000 00886cam a2200217 4500
001 WB3725-01
008 000000n2001 000 0 eng u
035 _a(Sirsi) u113281
245 _aAffordable housing
260 _c2001
490 _aBuilding Homes
_vJune 2001, 8(1)
520 _aDevelopers lack confidence in meeting Mayor Ken Livingstone's proposed target of 50% affordable housing in major London developments, and believe the process of buying and developing land will become more complex with greater risks. Drivers Jonas argues that developers will be hesitant to include the affordable housing provisions unless clear guidance is provided.
590 _aWB
650 _aAffordable housing
_96215
650 _aLONDON
650 _aHOUSING POLICY
650 _aDEVELOPERS
650 _aGREATER LONDON AUTHORITY
690 _aHOUSING-DEVELOPMENT
942 _n0
999 _c67482
_d67482